New venture creation entrepreneurship for the 21st century
Guardat en:
| Autor principal: | |
|---|---|
| Format: | Llibre |
| Idioma: | anglès |
| Publicat: |
Hill Education
2016
|
| Etiquetes: |
Afegir etiqueta
Sense etiquetes, Sigues el primer a etiquetar aquest registre!
|
MARC
| LEADER | 00000nam a22000007a 4500 | ||
|---|---|---|---|
| 008 | 201207b ||||| |||| 00| 0 eng d | ||
| 020 | |a 978-981-4577-46-5 | ||
| 100 | |a SPINELLI, Stephen | ||
| 245 | |a New venture creation |b entrepreneurship for the 21st century |c Stephen Spinell, Robert J. Adams |g xx, 484p. | ||
| 260 | |b Hill Education |c 2016 |h New York |i 689651 |i 690854 |i 690855 |l HD62.5 .Sp4 |m New business enterprises – Handbooks, manuals, etc |m Entrepreneurship – Handbooks, manuals, etc. | ||
| 942 | |a lcc |c BK |e ADEYEYE Y. S. |f 7/12/2020 | ||
| 952 | |0 0 |1 0 |2 lcc |4 0 |7 0 |9 142 |a HOL |b MPL |c GJ |d 2020-12-07 |o HD62.5 .Sp4 |p 2020-0101 |r 2020-12-07 00:00:00 |w 2020-12-07 |y BK | ||
| 952 | |0 0 |1 0 |2 lcc |4 0 |7 0 |9 144 |a HOL |b SSL |c GJ |d 2020-12-07 |o HD62.5 .Sp4 |p 2020-0104 |r 2020-12-07 00:00:00 |w 2020-12-07 |y BK | ||
| 952 | |0 0 |1 0 |2 lcc |4 0 |7 0 |9 155 |a HOL |b HOL |c GJ |d 2020-12-07 |o HD62.5 .Sp4 |p 2020-0103 |r 2020-12-07 00:00:00 |w 2020-12-07 |y BK | ||
| 999 | |c 50 |d 50 | ||